Normal view
MARC view
Entry Personal Name
001 - CONTROL NUMBER
- control field: 11620
003 - CONTROL NUMBER IDENTIFIER
- control field: BD-RjUL
005 - DATE AND TIME OF LATEST TRANSACTION
- control field: 20240211144154.0
008 - FIXED-LENGTH DATA ELEMENTS
- fixed length control field: 240211|| aca||aabn | a|a d
040 ## - CATALOGING SOURCE
- Original cataloging agency: BD-RjUL
- Transcribing agency: BD-RjUL
100 ## - HEADING--PERSONAL NAME
- Personal name: الهروي, سيف بن محمد بن يعقوب ;; Al-Harawi, Saif bin Muhammad bin Yaqoub.
670 ## - SOURCE DATA FOUND
- Source citation: Work cat.: (BD-RjUL)83038: الهروي, سيف بن محمد بن يعقوب ;; Al-Harawi, Saif bin Muhammad bin Yaqoub.,, تارىخ نامه هرات / Tārikh nāmah-i harāt /, 1943